Computer Graphics : A Programming Approach (Record no. 3387)

MARC details
000 -LEADER
fixed length control field 00416nam a2200169Ia 4500
008 - FIXED-LENGTH DATA ELEMENTS--GENERAL INFORMATION
fixed length control field 221030s9999 xx 000 0 und d
020 ## - INTERNATIONAL STANDARD BOOK NUMBER
ISBN 0071004726
041 ## - LANGUAGE CODE
Language code of text/sound track or separate title
082 ## - DEWEY DECIMAL CLASSIFICATION NUMBER
Classification number 105.23
Item number Har
100 ## - MAIN ENTRY--AUTHOR NAME
Personal name S. Harrington
245 #0 - TITLE STATEMENT
Title Computer Graphics : A Programming Approach
Statement of responsibility, etc by S. Harrington
250 ## - EDITION STATEMENT
Edition statement 2nd
260 ## - PUBLICATION, DISTRIBUTION, ETC. (IMPRINT)
Name of publisher TMH
Place of publication New Delhi
Year of publication 1987
300 ## - PHYSICAL DESCRIPTION
Number of Pages 466
650 ## - SUBJECT ADDED ENTRY--TOPICAL TERM
Topical Term BE Computer
942 ## - ADDED ENTRY ELEMENTS (KOHA)
Koha item type Books
Holdings
Accession Number Cost, normal purchase price Full call number Price effective from Koha item type Withdrawn / writtenoff status Materials specified (bound volume or other part) Damaged status Not for loan Permanent Location Current Location Shelving location Date acquired Lost/ Missing status department
BE 6913 466.00 105.23 Har 10/30/2022 Books   Print     MIET Library, Jammu MIET Library, Jammu BL-Academic Block C, FL-2, CUP-37, SH-1, R-1 11/29/2005   BE
BE 6911 7.00 105.23 Har 10/30/2022 Books   Print   Not For Loan MIET Library, Jammu MIET Library, Jammu BL-Second, FL-1, CUP-54, SH-5, R-5 08/05/2003   BE
BE 6912 7.00 105.23 Har 10/30/2022 Books   Print     MIET Library, Jammu MIET Library, Jammu BL-Academic Block C, FL-2, CUP-37, SH-1, R-1 08/05/2003   BE